Mathematics Dictionary (Record no. 783137)

MARC details
000 -LEADER
fixed length control field 00393pam a2200157a 44500
008 - FIXED-LENGTH DATA ELEMENTS--GENERAL INFORMATION
fixed length control field 230405s1986 xxu||||| |||| 00| 0 eng d
041 ## - LANGUAGE CODE
Language code of text/sound track or separate title ENG
100 ## - MAIN ENTRY--PERSONAL NAME
Personal name James ,R.C.
245 ## - TITLE STATEMENT
Title Mathematics Dictionary
260 ## - PUBLICATION, DISTRIBUTION, ETC.
Place of publication, distribution, etc. NEW DELHI
Name of publisher, distributor, etc. C.B.S. PUBLI.
Date of publication, distribution, etc. 1986
300 ## - PHYSICAL DESCRIPTION
Extent 509p.
440 ## - SERIES STATEMENT/ADDED ENTRY--TITLE
Title Source =RATNAKAR BOOK STALL MIRAJ
650 ## - SUBJECT ADDED ENTRY--TOPICAL TERM
Topical term or geographic name entry element MATHEMATICS
690 ## - LOCAL SUBJECT ADDED ENTRY--TOPICAL TERM (OCLC, RLIN)
Topical term or geographic name as entry element MATHEMATICS
906 ## - LOCAL DATA ELEMENT F, LDF (RLIN)
a 2913
Holdings
Withdrawn status Lost status Damaged status Not for loan Collection Home library Current library Date acquired Total Checkouts Full call number Barcode Date last seen Price effective from Koha item type
          Dr.Patangrao Kadam Mahavidyalaya, Sangli Dr.Patangrao Kadam Mahavidyalaya, Sangli 08/02/2014   510.3 / JAM PKS-5886 26/07/2023 26/07/2023 Book